Witchcraft, oracles, and magic among the Azande / (Record no. 180)

000 -LEADER
fixed length control field 00923cam a2200301 i 4500
001 - CONTROL NUMBER
control field 3185183
003 - CONTROL NUMBER IDENTIFIER
control field OSt
005 - DATE AND TIME OF LATEST TRANSACTION
control field 20140116120820.0
008 - FIXED-LENGTH DATA ELEMENTS--GENERAL INFORMATION
fixed length control field 761029s1976 enk b 001 0 eng
010 ## - LIBRARY OF CONGRESS CONTROL NUMBER
LC control number 76375196
015 ## - NATIONAL BIBLIOGRAPHY NUMBER
National bibliography number GB***
020 ## - INTERNATIONAL STANDARD BOOK NUMBER
International Standard Book Number 9780198740292
040 ## - CATALOGING SOURCE
Original cataloging agency DLC
Transcribing agency DLC
Modifying agency DLC
043 ## - GEOGRAPHIC AREA CODE
Geographic area code f-cg---
-- f-sj---
-- f-cx---
050 00 - LIBRARY OF CONGRESS CALL NUMBER
Classification number DT155.2.E93 1976
100 2# - MAIN ENTRY--PERSONAL NAME
Personal name Evans-Pritchard, E. E.
245 10 - TITLE STATEMENT
Title Witchcraft, oracles, and magic among the Azande /
Statement of responsibility, etc E. E. Evans-Pritchard.
250 ## - EDITION STATEMENT
Remainder of edition statement Abridged with an introd. by Eva Gillies.
260 ## - PUBLICATION, DISTRIBUTION, ETC. (IMPRINT)
Place of publication, distribution, etc Oxford :
Name of publisher, distributor, etc Clarendon Press,
Date of publication, distribution, etc 1976.
300 ## - PHYSICAL DESCRIPTION
Extent xxxiii, 265 p. ;
Dimensions 22 cm.
504 ## - BIBLIOGRAPHY, ETC. NOTE
Bibliography, etc Includes bibliography and bibliography
650 #0 - SUBJECT ADDED ENTRY--TOPICAL TERM
Topical term or geographic name as entry element Zande (African people)
650 #0 - SUBJECT ADDED ENTRY--TOPICAL TERM
Topical term or geographic name as entry element Witchcraft
Geographic subdivision Africa, Central.
650 #0 - SUBJECT ADDED ENTRY--TOPICAL TERM
Topical term or geographic name as entry element Magic
Geographic subdivision Africa, Central.
700 1# - ADDED ENTRY--PERSONAL NAME
Personal name Gillies, Eva.
906 ## - LOCAL DATA ELEMENT F, LDF (RLIN)
a 7
b cbc
c orignew
d 4
e ncip
f 19
g y-gencatlg
942 ## - ADDED ENTRY ELEMENTS (KOHA)
Source of classification or shelving scheme
Koha item type Book
Holdings
Withdrawn status Lost status Source of classification or shelving scheme Damaged status Not for loan Home library Current library Date acquired Source of acquisition Total Checkouts Full call number Barcode Date last seen Copy number Price effective from Koha item type Date checked out
          Riara University Library Riara University Library 11/10/2011 Purchase   DT155.2.E93 1976 300/11 11/10/2011 C.1 11/10/2011 Book  
          Riara University Library Riara University Library 11/10/2011 Purchase 1 DT155.2.E93 1976 539/11 17/10/2013 C.2 11/10/2011 Book 03/10/2013
          Riara University Library Riara University Library 11/10/2011 Purchase   DT155.2.E93 1976 540/11 11/10/2011 C.3 11/10/2011 Book  

Riara University Library,
P.O. Box 49940-00100,
Nairobi, Kenya.